| 000 | 01293nam a2200301Ia 4500 | ||
|---|---|---|---|
| 003 | OSt | ||
| 005 | 20200824171719.0 | ||
| 008 | 191128s1955 ck ad gr 000 0dspa d | ||
| 020 | _a9589272495 | ||
| 040 |
_aCo-JMCR _cCo-JMCR |
||
| 041 | 0 | _aspa | |
| 082 | 0 | 4 |
_a344.86102 / _bJ371f _223 |
| 100 | 1 |
_aJaramillo Pérez, Iván, _eautor _98952 |
|
| 245 | 1 | 3 |
_aEl futuro de la salud en Colombia : _bLey 100-1993;política social;mercado y descentralización / _c Iiván Jaramillo Pérez |
| 250 | _a2a. Edición | ||
| 260 |
_aBogotá : _bFescol, _c1995. |
||
| 300 |
_axii, 184 páginas : _bgráficos a blanco y negro ; _c23 cm. |
||
| 500 | _aIncluye datos biográficos del autor en solapa frontal. | ||
| 504 | _aBibliografía : páginas 183-184. | ||
| 505 | 0 | _aReforma del sistema general de seguridad social -- Principios de la nueva seguridad social en salud -- Presentación analítica del sistema general en salud según la ley 100 de 1993 -- Descentralización de competencias y recursos en el sector de la salud | |
| 650 | 2 | 4 |
_aPlanificación de la salud _99146 |
| 650 | 2 | 4 |
_aPolítica social _99147 |
| 650 | 2 | 4 |
_aPolítica médica _99140 |
| 650 | 2 | 4 |
_aServicios de salud _99148 |
| 650 | 2 | 4 |
_aSeguridad social salud _98967 |
| 650 | 2 | 4 |
_aProblemas sociales _99149 |
| 942 |
_2ddc _cBK |
||
| 999 |
_c6055 _d6055 |
||